ბათუმის შოთა რუსთაველის სახელმწიფო უნივერსიტეტის ბიბლიოთეკა

IT Auditing: (ბიბ.ჩანაწერი № 61606)

000 -LEADER
fixed length control field 00861nam a22002177a 4500
005 - DATE AND TIME OF LATEST TRANSACTION
control field 20240328162226.0
008 - FIXED-LENGTH DATA ELEMENTS--GENERAL INFORMATION
fixed length control field 240328s2020 enk||||| |||| 00| 0 eng d
020 ## - INTERNATIONAL STANDARD BOOK NUMBER
International Standard Book Number 9781260453225X
041 ## - LANGUAGE CODE
Language code of text/sound track or separate title eng
080 ## - UNIVERSAL DECIMAL CLASSIFICATION NUMBER
Universal Decimal Classification number 657:004 IT-87
245 ## - TITLE STATEMENT
Title IT Auditing:
Remainder of title Using Controls to Protect Information Assets /
Statement of responsibility, etc. Mike Kegerreis, Mike Schiller, Chris Davis, Wrozek VBrian.
264 ## - PRODUCTION, PUBLICATION, DISTRIBUTION, MANUFACTURE, AND COPYRIGHT NOTICE
Place of production, publication, distribution, manufacture New York :
Name of producer, publisher, distributor, manufacturer McGraw Hill,
Date of production, publication, distribution, manufacture, or copyright notice 2020.
300 ## - PHYSICAL DESCRIPTION
Extent 553 p.;
Other physical details 24 cm.
653 ## - INDEX TERM--UNCONTROLLED
keyword საინფორმაციო აქტივები
653 ## - INDEX TERM--UNCONTROLLED
keyword ინფორმაციული ტექნოლოგიები
700 ## - ADDED ENTRY--PERSONAL NAME
Personal name Kegerreis, Mike
Relator term ავტორი
9 (RLIN) 21621
700 ## - ADDED ENTRY--PERSONAL NAME
Personal name Schiller, Mike
Relator term ავტორი
9 (RLIN) 21622
700 ## - ADDED ENTRY--PERSONAL NAME
Personal name Davis, Chris
Relator term ავტორი
9 (RLIN) 21623
700 ## - ADDED ENTRY--PERSONAL NAME
Personal name Wrozek, Brian
Relator term ავტორი
9 (RLIN) 21624
942 ## - ADDED ENTRY ELEMENTS (KOHA)
Source of classification or shelving scheme
Koha item type წიგნი
ეგზემპლარები
Withdrawn status Lost status Source of classification or shelving scheme Damaged status Not for loan Permanent Location Current Location Shelving location Date acquired Cost, normal purchase price Full call number Barcode Date last seen Copy number Price effective from Koha item type Public note
          ბათუმის შოთა რუსთაველის სახელმწიფო უნივერსიტეტის მთავარი ბიბლიოთეკა ბათუმის შოთა რუსთაველის სახელმწიფო უნივერსიტეტის მთავარი ბიბლიოთეკა წიგნსაცავი 2024-03-28 195.00 657:004 IT-87 67738 2024-03-28 67738 2024-03-28 წიგნი 195 ლ.